000 00300nam a22001337a 4500
008 170623b xxu||||| |||| 00| 0 eng d
020 _a9780674750029
041 _aeng
080 _a32
100 _a21
101 _aSHP
245 _aTHE REBIRTH OF RUSSIAN DEMOCRACY
_cPETRO,N.N
942 _2udc
_cBK
999 _c18975
_d18975